Same Story, Different Episode Quiz Stats

 Plays Quiz Updated Jun 10, 2014

Support Sporcle.
Go Orange.
Score 0/17 Timer 10:00
4 Plays Today
% Correct
Glee
96.1%
Breaking Bad
94.8%
The Office
93.5%
Modern Family
93.4%
Game of Thrones
92.7%
The Sopranos
90.7%
Downton Abbey
90%
Mad Men
89%
Weeds
88.5%
% Correct
Merlin
88%
Criminal Minds
86.1%
Doctor Who
83.8%
Revenge
81.7%
Community
80.3%
Lost
73.5%
Psych
72.9%
The Walking Dead
63.8%

You're not logged in!

Compare scores with friends on all Sporcle quizzes.
OR
Log In

From the Vault

Classical Mythology Lovers

by Ellix

It must hurt to be literally shot by Cupid's arrow.
Remove Ads.
Support Sporcle.
Get the best of Sporcle when you Go Orange. This ad-free experience offers more features, more stats, and more fun while also helping to support Sporcle. Thank you for becoming a member.

Show Comments

Extras

Top Quizzes Today


Score Distribution

Your Account Isn't Verified!

In order to create a playlist on Sporcle, you need to verify the email address you used during registration. Go to your Sporcle Settings to finish the process.

Report this User

Report this user for behavior that violates our Community Guidelines.

Details: